000 00441nam a22001817a 4500
003 MPLRDC
005 20220104144056.0
008 210129b ||||| |||| 00| 0 eng d
020 _a957-8507-08-9
082 _a427.43 ZFR c.2
100 _a张丰荣编著
245 _a香醇鸡尾酒
_c
250 _a三版
260 _a
_b畅文出版社
_c1990
300 _b
650 _a酒类饮料--鸡尾酒
942 _cBK
_o427.43 ZFR c.2
999 _c46128
_d46118